| 000 | 00377nam a22001337a 4500 | ||
|---|---|---|---|
| 008 | 230619b xxu||||| |||| 00| 0 eng d | ||
| 020 | _a1871031079 | ||
| 082 |
_a297.20 _bPOLAR |
||
| 110 | _bIslamic Educational Center | ||
| 245 |
_aGod and His Attributes _bLessons on Islamic Doctrine |
||
| 260 |
_aPotomac _bIslamic Educational Center _c1989 |
||
| 300 | _a205p | ||
| 942 |
_2ddc _cBK |
||
| 999 |
_c1318 _d1318 |
||